[Event "Calgary int."]
[Site "Calgary CAN"]
[Date "2012.05.21"]
[Round "9.6"]
[White "Perron, Sean"]
[Black "Mikhalevski, Victor"]
[Result "0-1"]
[WhiteElo "2059"]
[BlackElo "2519"]
[PlyCount "112"]
[GameId "2160767909509479"]
[EventDate "2012.05.15"]
[EventType "swiss"]
[EventRounds "9"]
[EventCountry "CAN"]
[SourceTitle "CBM 148 Extra"]
[Source "ChessBase"]
[SourceDate "2012.06.22"]
[SourceVersion "1"]
[SourceVersionDate "2012.06.22"]
[SourceQuality "1"]

1. d4 Nf6 2. Nf3 e6 3. c4 d5 4. g3 dxc4 5. Bg2 a6 6. O-O Nc6 7. Nc3 Be7 8. a4 Na5 9. Bf4 Nd5 10. Ne5 Nxf4 11. gxf4 Nb3 12. Rb1 Qxd4 13. Qxd4 Nxd4 14. Rfd1 Nf5 15. Nxc4 Bb4 16. Na2 a5 17. Nxb4 axb4 18. b3 Ke7 19. Ne5 Ra6 20. Rbc1 c6 21. Bf1 Nh4 22. e3 Ra8 23. Be2 f6 24. Nd3 Rg8 25. Rc4 Ra5 26. Nxb4 Bd7 27. Kf1 c5 28. Nd3 b6 29. Rc3 Ra7 30. Ne1 Bc6 31. f3 g5 32. fxg5 fxg5 33. Kf2 Rf8 34. Kg3 Nf5+ 35. Kf2 Nh4 36. Kg3 Rf6 37. e4 Ng6 38. Nd3 Ra8 39. Rdc1 Bd7 40. Ne1 Nf4 41. Bf1 h5 42. Nd3 Ng6 43. Be2 e5 44. Kf2 g4 45. Ke3 gxf3 46. Bxf3 Raf8 47. Bxh5 Rh8 48. Bxg6 Rh3+ 49. Kd2 Rxh2+ 50. Ke3 Rh3+ 51. Kd2 Rxg6 52. Ne1 Rh2+ 53. Kd3 Be6 54. Ke3 Rg3+ 55. Nf3 Bg4 56. Rf1 Bxf3 0-1

[Event "Calgary int."]
[Site "Calgary CAN"]
[Date "2012.05.21"]
[Round "9.7"]
[White "Haessel, Dale"]
[Black "Nguyen, Kim"]
[Result "0-1"]
[WhiteElo "2161"]
[BlackElo "2110"]
[PlyCount "68"]
[GameId "2160767909509480"]
[EventDate "2012.05.15"]
[EventType "swiss"]
[EventRounds "9"]
[EventCountry "CAN"]
[SourceTitle "CBM 148 Extra"]
[Source "ChessBase"]
[SourceDate "2012.06.22"]
[SourceVersion "1"]
[SourceVersionDate "2012.06.22"]
[SourceQuality "1"]

1. d4 Nf6 2. c4 g6 3. Nf3 Bg7 4. g3 O-O 5. Bg2 d6 6. Nc3 Nbd7 7. O-O e5 8. e4 c6 9. h3 Qb6 10. c5 dxc5 11. dxe5 Ne8 12. e6 fxe6 13. Ng5 Ndf6 14. e5 Nd5 15. f4 Qc7 16. Be4 Bh6 17. Nf3 Ng7 18. Qd3 Nf5 19. Kg2 Rd8 20. Bxd5 cxd5 21. g4 Ne7 22. h4 c4 23. Qc2 d4 24. Ne4 d3 25. Nf6+ Kh8 26. Qc3 b5 27. h5 Bb7 28. Be3 Qc6 29. Rf2 Nd5 30. Nxd5 Qxd5 31. hxg6 Rg8 32. Rh1 Rxg6 33. Rxh6 Rxh6 34. f5 Qe4 0-1

[Event "Calgary int."]
[Site "Calgary CAN"]
[Date "2012.05.21"]
[Round "9.8"]
[White "Yam, Alex"]
[Black "Sequillion, Aaron"]
[Result "1-0"]
[WhiteElo "2258"]
[BlackElo "2012"]
[PlyCount "63"]
[GameId "2160767909509481"]
[EventDate "2012.05.15"]
[EventType "swiss"]
[EventRounds "9"]
[EventCountry "CAN"]
[SourceTitle "CBM 148 Extra"]
[Source "ChessBase"]
[SourceDate "2012.06.22"]
[SourceVersion "1"]
[SourceVersionDate "2012.06.22"]
[SourceQuality "1"]

1. c4 Nf6 2. Nf3 g6 3. Nc3 d5 4. Qa4+ Bd7 5. Qb3 Bc6 6. cxd5 Bxd5 7. Nxd5 Qxd5 8. Qc3 Nc6 9. e3 Bg7 10. Bc4 Qd6 11. Bb5 O-O 12. Bxc6 bxc6 13. d4 Rfd8 14. O-O Ne4 15. Qc2 Qd5 16. b3 c5 17. Ba3 cxd4 18. exd4 c5 19. Rfe1 f5 20. dxc5 Rac8 21. Rad1 Qc6 22. b4 a5 23. Qb3+ Kh8 24. b5 Qf6 25. Rxd8+ Rxd8 26. c6 Rc8 27. Rd1 g5 28. Nd4 Qe5 29. Ne6 Nd2 30. Bb2 Qe2 31. Bxg7+ Kg8 32. Nd4+ 1-0

[Event "Carnaval"]
[Site "Quebec CAN"]
[Date "2012.02.24"]
[Round "1"]
[White "Bolduc, Steve"]
[Black "Pepin, Christian"]
[Result "1-0"]
[WhiteElo "2302"]
[BlackElo "1949"]
[PlyCount "89"]
[GameId "2160767909576184"]
[EventDate "2012.02.24"]
[EventType "swiss"]
[EventRounds "5"]
[EventCountry "CAN"]
[SourceTitle "EXT 2022"]
[Source "ChessBase"]
[SourceDate "2021.10.06"]
[SourceVersion "1"]
[SourceVersionDate "2021.10.06"]
[SourceQuality "1"]

1. d4 f5 2. g3 Nf6 3. Bg2 d5 4. Nf3 e6 5. O-O Be7 6. b3 O-O 7. c4 c6 8. Ba3 Bd7 9. Qc2 Be8 10. Bxe7 Qxe7 11. Nc3 Nbd7 12. Rad1 Bh5 13. Na4 Rac8 14. Nb2 Ne4 15. Nd3 g5 16. Nfe5 Nef6 17. c5 Bg6 18. Qc1 Nxe5 19. dxe5 Nd7 20. f4 gxf4 21. Rxf4 b6 22. b4 a5 23. a3 axb4 24. axb4 bxc5 25. bxc5 Rb8 26. Qc3 Rb5 27. Rc1 Rfb8 28. Bf3 Rb1 29. Rxb1 Rxb1+ 30. Kg2 Rb5 31. Rb4 Rxb4 32. Qxb4 f4 33. Nxf4 Qxc5 34. Qb7 Nf8 35. Qc8 Bf7 36. Qd8 Qe3 37. Qf6 Nd7 38. Qg5+ Bg6 39. Qd8+ Nf8 40. Nxe6 Qh6 41. Qf6 Nd7 42. Qe7 Nxe5 43. Qd8+ Kf7 44. Ng5+ Kg7 45. Qe7+ 1-0

[Event "Carnaval"]
[Site "Quebec CAN"]
[Date "2012.02.25"]
[Round "2"]
[White "Caire, Francois"]
[Black "Rainfray, Arnaud"]
[Result "0-1"]
[WhiteElo "2368"]
[BlackElo "2248"]
[PlyCount "70"]
[GameId "2160767909576185"]
[EventDate "2012.02.24"]
[EventType "swiss"]
[EventRounds "5"]
[EventCountry "CAN"]
[SourceTitle "EXT 2022"]
[Source "ChessBase"]
[SourceDate "2021.10.06"]
[SourceVersion "1"]
[SourceVersionDate "2021.10.06"]
[SourceQuality "1"]

1. d4 d5 2. Nf3 Nf6 3. c4 e6 4. g3 c5 5. cxd5 exd5 6. Bg2 Be7 7. O-O O-O 8. dxc5 Bxc5 9. Qc2 Be7 10. Nc3 Nc6 11. Rd1 Qa5 12. Qb3 Rd8 13. Qb5 Qxb5 14. Nxb5 Bf5 15. Be3 a6 16. Nbd4 Nxd4 17. Nxd4 Bg4 18. h3 Bd7 19. Rac1 Rac8 20. Rxc8 Rxc8 21. Bg5 h6 22. Bxf6 Bxf6 23. Bxd5 Bxh3 24. Bxb7 Rb8 25. Bxa6 Rxb2 26. a3 Ra2 27. Rd3 Bg4 28. f3 Bd7 29. Nb5 Bf5 30. e4 Bh3 31. f4 Be7 32. e5 Bc5+ 33. Nd4 Bf5 34. Rd1 Bg4 35. Bc4 Rc2 0-1

[Event "Carnaval"]
[Site "Quebec CAN"]
[Date "2012.02.25"]
[Round "2"]
[White "Kraiouchkine, Nikita"]
[Black "Berube, Antoine"]
[Result "1/2-1/2"]
[WhiteElo "2333"]
[BlackElo "2253"]
[PlyCount "182"]
[GameId "2160767909576186"]
[EventDate "2012.02.24"]
[EventType "swiss"]
[EventRounds "5"]
[EventCountry "CAN"]
[SourceTitle "EXT 2022"]
[Source "ChessBase"]
[SourceDate "2021.10.06"]
[SourceVersion "1"]
[SourceVersionDate "2021.10.06"]
[SourceQuality "1"]

1. e4 c5 2. Nf3 d6 3. d4 cxd4 4. Nxd4 Nf6 5. Nc3 a6 6. Be3 e5 7. Nb3 Be6 8. f3 Be7 9. Qd2 O-O 10. g4 d5 11. g5 d4 12. gxf6 Bxf6 13. Bxd4 exd4 14. Ne2 d3 15. cxd3 Bxb3 16. axb3 Nc6 17. Rd1 Nd4 18. Bg2 Rc8 19. Nxd4 Bh4+ 20. Kf1 Qxd4 21. f4 Rc5 22. Bh3 f5 23. Kg2 fxe4 24. Rhf1 e3 25. Qe2 Rxf4 26. Rxf4 Qxf4 27. Kh1 Bf2 28. d4 Rc6 29. Bg2 Rc7 30. d5 g6 31. d6 Rd7 32. Qc2 Kg7 33. Qc8 Qg4 34. Qc3+ Kh6 35. Rd4 Qf5 36. Qc1 Kg7 37. Rd5 Qf6 38. Qd1 Qxb2 39. Bf3 Qc3 40. Bg4 Rd8 41. d7 h5 42. Bf3 Qe1+ 43. Kg2 Qxd1 44. Rxd1 Kf6 45. Rd6+ Ke5 46. Rxg6 Rxd7 47. Bxh5 Kd4 48. Bg4 Rh7 49. Rb6 Kc5 50. Re6 a5 51. Re4 b5 52. Be2 Rg7+ 53. Kf3 Rg5 54. Kf4 Rd5 55. Kf3 Rh5 56. h4 Rxh4 57. Re5+ Kd4 58. Rxb5 Rh3+ 59. Kg4 Rh4+ 60. Kg5 Kc3 61. Rxa5 Kxb3 62. Rc5 Rd4 63. Re5 Kc3 64. Kf5 Kd2 65. Ba6 Ra4 66. Bb5 Rb4 67. Ba6 Rh4 68. Re4 Rh7 69. Re6 Rh4 70. Re4 Rh8 71. Kg4 Ke1 72. Kf3 Rf8+ 73. Kg4 Ra8 74. Bc4 Rb8 75. Ba6 Rb6 76. Bc4 Rb2 77. Kf3 Bg1 78. Rg4 Bf2 79. Re4 Rb8 80. Ba6 Rf8+ 81. Rf4 Ra8 82. Ra4 Rf8+ 83. Rf4 Rd8 84. Re4 Rd6 85. Bc4 Kd2 86. Re8 Rf6+ 87. Kg4 Rd6 88. Re4 Rc6 89. Bb5 Rc5 90. Ba6 Rc6 91. Bb5 Rc5 1/2-1/2

[Event "Carnaval"]
[Site "Quebec CAN"]
[Date "2012.02.25"]
[Round "2"]
[White "Masse, Hugues"]
[Black "Castellanos Rodriguez, Renier"]
[Result "0-1"]
[WhiteElo "2508"]
[BlackElo "2270"]
[PlyCount "68"]
[GameId "2160767909576187"]
[EventDate "2012.02.24"]
[EventType "swiss"]
[EventRounds "5"]
[EventCountry "CAN"]
[SourceTitle "EXT 2022"]
[Source "ChessBase"]
[SourceDate "2021.10.06"]
[SourceVersion "1"]
[SourceVersionDate "2021.10.06"]
[SourceQuality "1"]

1. d4 Nf6 2. Nf3 g6 3. Nc3 Bg7 4. e4 d6 5. g3 c5 6. Bg2 cxd4 7. Nxd4 O-O 8. O-O Nc6 9. Nde2 Bg4 10. h3 Bxe2 11. Qxe2 Rc8 12. Be3 Nd7 13. Nd5 e6 14. Nf4 Bxb2 15. Rab1 Bd4 16. Rxb7 Nc5 17. Rbb1 Qa5 18. Bxd4 Nxd4 19. Qc4 Nc6 20. Rfd1 Ne5 21. Qd4 Rfd8 22. Qd2 Qxa2 23. Ra1 Qc4 24. Qd4 Qxd4 25. Rxd4 a5 26. Ne2 Rb8 27. Rdd1 Nc6 28. c3 Rb2 29. Nd4 Nxd4 30. cxd4 Nb3 31. Ra4 Rc8 32. Bf1 Rcc2 33. f4 Nd2 34. Bg2 Nb1 0-1

[Event "Carnaval"]
[Site "Quebec CAN"]
[Date "2012.02.25"]
[Round "2"]
[White "Sambuev, Bator"]
[Black "Bolduc, Steve"]
[Result "1-0"]
[WhiteElo "2573"]
[BlackElo "2302"]
[PlyCount "71"]
[GameId "2160767909576188"]
[EventDate "2012.02.24"]
[EventType "swiss"]
[EventRounds "5"]
[EventCountry "CAN"]
[SourceTitle "EXT 2022"]
[Source "ChessBase"]
[SourceDate "2021.10.06"]
[SourceVersion "1"]
[SourceVersionDate "2021.10.06"]
[SourceQuality "1"]

1. d4 e6 2. Nf3 d5 3. e3 Bd6 4. b3 f5 5. Bd3 Nh6 6. O-O O-O 7. c4 c6 8. Ba3 Bxa3 9. Nxa3 Qe7 10. Qc2 Nd7 11. Qb2 Rf6 12. b4 a6 13. Rfc1 Nf7 14. Ne5 f4 15. Ng4 e5 16. cxd5 cxd5 17. Nxf6+ Qxf6 18. exf4 e4 19. Bf1 Qxf4 20. Rc3 Nb6 21. Qc1 Qf6 22. Rc7 Qxd4 23. Qf4 Be6 24. Nc2 Qb2 25. Rd1 Rf8 26. Nd4 Bc8 27. Qd2 Qxd2 28. Rxd2 Nd6 29. Nb3 Rf7 30. Rxf7 Kxf7 31. Nc5 Kf6 32. a4 Ke5 33. f4+ Kxf4 34. a5 e3 35. Rd3 Nbc4 36. Rxd5 1-0

[Event "Carnaval"]
[Site "Quebec CAN"]
[Date "2012.02.25"]
[Round "3"]
[White "Bolduc, Steve"]
[Black "Bahadi, Khalid"]
[Result "1-0"]
[WhiteElo "2302"]
[BlackElo "1852"]
[PlyCount "111"]
[GameId "2160767909576189"]
[EventDate "2012.02.24"]
[EventType "swiss"]
[EventRounds "5"]
[EventCountry "CAN"]
[SourceTitle "EXT 2022"]
[Source "ChessBase"]
[SourceDate "2021.10.06"]
[SourceVersion "1"]
[SourceVersionDate "2021.10.06"]
[SourceQuality "1"]

1. d4 d5 2. c4 c6 3. Nf3 Nf6 4. e3 e6 5. Nbd2 Nbd7 6. b3 Bb4 7. Bb2 O-O 8. Bd3 dxc4 9. Bxc4 Ne4 10. O-O Nxd2 11. Nxd2 c5 12. a3 Bxd2 13. Qxd2 Nf6 14. Rfd1 b6 15. Qe2 cxd4 16. Bxd4 Qe7 17. Be5 Ne8 18. a4 Bb7 19. Qd2 Qc5 20. Bb2 Qc6 21. f3 Nf6 22. Ba3 Rfc8 23. e4 a6 24. Rac1 b5 25. Bf1 Qb6+ 26. Qd4 Qxd4+ 27. Rxd4 Rxc1 28. Bxc1 bxa4 29. Rxa4 h6 30. Rb4 Bc8 31. Ba3 a5 32. Rb6 Nd7 33. Rd6 Rb8 34. Bc4 Rb6 35. Kf2 Rxd6 36. Bxd6 Nb6 37. Bb5 Bd7 38. Bxd7 Nxd7 39. Ke2 f5 40. Kd3 Kf7 41. Kd4 g5 42. Bc7 Ke7 43. e5 h5 44. h3 g4 45. fxg4 hxg4 46. hxg4 fxg4 47. g3 Ke8 48. Bxa5 Nb8 49. Ke4 Kd7 50. Bb4 Nc6 51. Bd6 Na5 52. b4 Nc4 53. Kf4 Nxd6 54. exd6 Kxd6 55. Kxg4 Kd5 56. b5 1-0

[Event "Carnaval"]
[Site "Quebec CAN"]
[Date "2012.02.25"]
[Round "3"]
[White "Castellanos Rodriguez, Renier"]
[Black "Hamilton, Robert"]
[Result "1-0"]
[WhiteElo "2508"]
[BlackElo "2319"]
[PlyCount "79"]
[GameId "2160767909576190"]
[EventDate "2012.02.24"]
[EventType "swiss"]
[EventRounds "5"]
[EventCountry "CAN"]
[SourceTitle "EXT 2022"]
[Source "ChessBase"]
[SourceDate "2021.10.06"]
[SourceVersion "1"]
[SourceVersionDate "2021.10.06"]
[SourceQuality "1"]

1. e4 e6 2. d4 d5 3. Nd2 Be7 4. Ngf3 Nf6 5. e5 Nfd7 6. Bd3 b6 7. O-O Ba6 8. Ne1 c5 9. c3 Bxd3 10. Nxd3 Nc6 11. Qg4 g6 12. Nf3 c4 13. Nf4 b5 14. h4 Nb6 15. h5 Kd7 16. b3 Kc7 17. Bd2 a5 18. Rfb1 Qd7 19. Nh3 Rab8 20. Nhg5 Nd8 21. g3 h6 22. Nh3 g5 23. Nh2 cxb3 24. axb3 a4 25. Qf3 axb3 26. Rxb3 Nc4 27. Bc1 Nc6 28. Ng4 b4 29. Kg2 N6a5 30. Rbb1 b3 31. Qxf7 Qe8 32. Qg6 Kc8 33. Nxh6 b2 34. Bxb2 Rxh6 35. Qxh6 Nd2 36. Bc1 Nxb1 37. Bxg5 Nxc3 38. Rc1 Qc6 39. Bd2 Rb3 40. Nf4 1-0

[Event "Carnaval"]
[Site "Quebec CAN"]
[Date "2012.02.25"]
[Round "3"]
[White "Rainfray, Arnaud"]
[Black "Sambuev, Bator"]
[Result "0-1"]
[WhiteElo "2573"]
[BlackElo "2368"]
[PlyCount "86"]
[GameId "2160767909576191"]
[EventDate "2012.02.24"]
[EventType "swiss"]
[EventRounds "5"]
[EventCountry "CAN"]
[SourceTitle "EXT 2022"]
[Source "ChessBase"]
[SourceDate "2021.10.06"]
[SourceVersion "1"]
[SourceVersionDate "2021.10.06"]
[SourceQuality "1"]

1. e4 e6 2. d4 d5 3. Nc3 Bb4 4. Nge2 dxe4 5. a3 Be7 6. Nxe4 Nc6 7. Be3 Nf6 8. N4c3 b6 9. Ng3 Bb7 10. Be2 Qd7 11. Qd2 O-O-O 12. O-O-O Na5 13. Bb5 Bc6 14. Qe2 Bxb5 15. Qxb5 Qxb5 16. Nxb5 a6 17. Nc3 Ng4 18. Rhe1 Nxe3 19. fxe3 Nc4 20. Nf1 e5 21. dxe5 Nxe5 22. Rxd8+ Rxd8 23. Rd1 Re8 24. Nd5 Bg5 25. b3 b5 26. h3 f5 27. Nf4 g6 28. Nd5 c6 29. Nf4 Kc7 30. Rd4 Be7 31. Kb2 Bf6 32. c3 a5 33. Kc2 a4 34. Rd1 axb3+ 35. Kxb3 Nd7 36. Ne2 Nc5+ 37. Ka2 Ne4 38. Kb3 c5 39. Rb1 Kc6 40. c4 bxc4+ 41. Kxc4 Rd8 42. Nf4 Nd6+ 43. Kb3 c4+ 0-1

[Event "Carnaval"]
[Site "Quebec CAN"]
[Date "2012.02.26"]
[Round "4"]
[White "Hebert, Jean"]
[Black "Rainfray, Arnaud"]
[Result "1-0"]
[WhiteElo "2421"]
[BlackElo "2368"]
[PlyCount "127"]
[GameId "2160767909576192"]
[EventDate "2012.02.24"]
[EventType "swiss"]
[EventRounds "5"]
[EventCountry "CAN"]
[SourceTitle "EXT 2022"]
[Source "ChessBase"]
[SourceDate "2021.10.06"]
[SourceVersion "1"]
[SourceVersionDate "2021.10.06"]
[SourceQuality "1"]

1. c4 e6 2. Nf3 d5 3. d4 Nf6 4. Nc3 c6 5. cxd5 exd5 6. Bg5 Be7 7. e3 Bf5 8. Bd3 Bxd3 9. Qxd3 Nbd7 10. O-O O-O 11. Rab1 a5 12. a4 Ne4 13. Bf4 f5 14. Ne5 Bd6 15. Nxd7 Qxd7 16. f3 Bxf4 17. exf4 Nd6 18. Rfe1 Rae8 19. b3 g6 20. Qd2 Qg7 21. g3 Qd7 22. Kf2 Rxe1 23. Rxe1 Re8 24. Nd1 b6 25. Re5 Nf7 26. Rxe8+ Qxe8 27. Nb2 Qe7 28. Nd3 Nd8 29. Ne5 c5 30. dxc5 Qxc5+ 31. Kg2 d4 32. Qe2 Qd5 33. Qa6 Nf7 34. Qc4 Qxc4 35. Nxc4 Nd8 36. Nxb6 Nb7 37. Nc4 Kf7 38. Kf2 Ke6 39. Ke2 Kd5 40. Kd2 Kc5 41. Kd3 Kd5 42. Kc2 Ke6 43. g4 Kd5 44. g5 Ke6 45. h3 Kd5 46. h4 Ke6 47. Ne5 Nc5 48. Nc4 Nb7 49. Nd2 Nc5 50. Nc4 Nb7 51. b4 axb4 52. Kb3 Kd5 53. Kxb4 Nc5 54. Nb2 Na6+ 55. Kb5 Nc5 56. a5 Ne6 57. Nd3 Kd6 58. Kb6 Kd7 59. a6 Nc7 60. a7 Kd6 61. Kb7 Na8 62. Nb4 Nc7 63. Nd5 d3 64. Nxc7 1-0

[Event "Carnaval"]
[Site "Quebec CAN"]
[Date "2012.02.26"]
[Round "4"]
[White "Kraiouchkine, Nikita"]
[Black "Masse, Hugues"]
[Result "1/2-1/2"]
[WhiteElo "2333"]
[BlackElo "2270"]
[PlyCount "150"]
[GameId "2160767909576193"]
[EventDate "2012.02.24"]
[EventType "swiss"]
[EventRounds "5"]
[EventCountry "CAN"]
[SourceTitle "EXT 2022"]
[Source "ChessBase"]
[SourceDate "2021.10.06"]
[SourceVersion "1"]
[SourceVersionDate "2021.10.06"]
[SourceQuality "1"]

1. e4 c5 2. Nf3 d6 3. d4 cxd4 4. Nxd4 Nf6 5. Nc3 a6 6. Be3 e5 7. Nb3 Be6 8. f3 Be7 9. Qd2 Nbd7 10. g4 b5 11. g5 b4 12. Na4 Nh5 13. Rg1 a5 14. Bb5 Rb8 15. c4 O-O 16. Qf2 Nf4 17. Bxf4 exf4 18. Nd4 Ne5 19. Nxe6 fxe6 20. O-O-O Bxg5 21. Kb1 Be7 22. b3 Qc7 23. Rgf1 Ng6 24. Nb2 Bf6 25. Ba4 Bc3 26. Nd3 Ne5 27. Nxe5 Bxe5 28. Rd3 Rfd8 29. Rc1 Qc5 30. Qxc5 dxc5 31. Rd7 Rxd7 32. Bxd7 Kf7 33. Rd1 Bd4 34. Rd2 Ke7 35. Ba4 Rf8 36. Kc2 Rf6 37. Rg2 Rh6 38. e5 Bxe5 39. Bc6 Kf7 40. Kd3 Rf6 41. Be4 g6 42. Ke2 Ke7 43. h4 Bd4 44. h5 gxh5 45. Rg7+ Rf7 46. Rg5 Rg7 47. Rxh5 Rg2+ 48. Kd1 Rxa2 49. Rxh7+ Kd6 50. Ra7 Be3 51. Bc2 Ke5 52. Rd7 Ra1+ 53. Ke2 Rg1 54. Be4 Rg2+ 55. Kd1 Rb2 56. Rd3 Bd4 57. Bc6 Kf6 58. Bd7 Rf2 59. Bc6 Rb2 60. Bd7 Ke7 61. Bc6 Kd6 62. Ba4 Kc7 63. Rd2 Rb1+ 64. Ke2 Kd6 65. Rd1 Rb2+ 66. Rd2 Rb1 67. Rd1 Rxd1 68. Kxd1 Ke5 69. Ke1 Kf5 70. Kd2 e5 71. Bc6 Kg5 72. Kc2 Kh4 73. Be4 Kg3 74. Ba8 Kf2 75. Be4 Ke3 1/2-1/2

[Event "Carnaval"]
[Site "Quebec CAN"]
[Date "2012.02.26"]
[Round "4"]
[White "Sambuev, Bator"]
[Black "Castellanos Rodriguez, Renier"]
[Result "1/2-1/2"]
[WhiteElo "2573"]
[BlackElo "2508"]
[PlyCount "79"]
[GameId "2160767909576194"]
[EventDate "2012.02.24"]
[EventType "swiss"]
[EventRounds "5"]
[EventCountry "CAN"]
[SourceTitle "EXT 2022"]
[Source "ChessBase"]
[SourceDate "2021.10.06"]
[SourceVersion "1"]
[SourceVersionDate "2021.10.06"]
[SourceQuality "1"]

1. d4 Nf6 2. Nf3 g6 3. Bg5 Bg7 4. Nbd2 d6 5. e4 h6 6. Bh4 g5 7. Bg3 Nh5 8. c3 e6 9. Bb5+ c6 10. Bd3 Nxg3 11. hxg3 O-O 12. e5 dxe5 13. Nxe5 f5 14. Qe2 c5 15. dxc5 Qc7 16. f4 Nd7 17. Nxd7 Bxd7 18. O-O-O gxf4 19. g4 Rae8 20. Bc4 Qxc5 21. Nb3 Qe7 22. Rh5 fxg4 23. Qxg4 Kh8 24. Bd3 Qf6 25. Bg6 Re7 26. Nc5 Bc6 27. Rdh1 f3 28. Rxh6+ Bxh6+ 29. Rxh6+ Kg7 30. Rh7+ Kg8 31. Rxe7 Qxe7 32. Nxe6 Rf6 33. Be4+ Kf7 34. Ng5+ Ke8 35. gxf3 Kd8 36. Bxc6 Qe1+ 37. Kc2 Qe2+ 38. Kc1 Qe1+ 39. Kc2 Qe2+ 40. Kc1 1/2-1/2

[Event "Carnaval"]
[Site "Quebec CAN"]
[Date "2012.02.26"]
[Round "4"]
[White "Tremblay, Rejean"]
[Black "Bolduc, Steve"]
[Result "0-1"]
[WhiteElo "2243"]
[BlackElo "2302"]
[PlyCount "108"]
[GameId "2160767909576195"]
[EventDate "2012.02.24"]
[EventType "swiss"]
[EventRounds "5"]
[EventCountry "CAN"]
[SourceTitle "EXT 2022"]
[Source "ChessBase"]
[SourceDate "2021.10.06"]
[SourceVersion "1"]
[SourceVersionDate "2021.10.06"]
[SourceQuality "1"]

1. d4 e6 2. c4 b6 3. Nc3 Bb7 4. e4 Bb4 5. f3 f5 6. exf5 Nf6 7. Bd3 c5 8. Nge2 cxd4 9. Nxd4 e5 10. Nde2 e4 11. fxe4 Nxe4 12. Bxe4 Qh4+ 13. Kf1 Bxe4 14. Qd4 Bxc3 15. bxc3 Nc6 16. Qxg7 O-O-O 17. Qg3 Qf6 18. Nf4 Rhg8 19. Qe3 Rde8 20. Qd2 Qxf5 21. Rg1 Bd3+ 22. Qxd3 Re4 23. Qd2 Ne5 24. g3 Nd3 25. Rg2 Rge8 26. Ba3 Re1+ 27. Rxe1 Rxe1+ 28. Qxe1 Nxe1 29. Kxe1 Qb1+ 30. Kd2 Qxa2+ 31. Kd3 Qxa3 32. Nd5 Qf8 33. Re2 Qf1 34. Kd2 Kb7 35. Re7 Kc6 36. Rxh7 Qxc4 37. Nb4+ Kc7 38. Rh4 Qe6 39. Rf4 a5 40. Nc2 Qd6+ 41. Ke3 Qd1 42. Rf2 b5 43. Rd2 Qg1+ 44. Kd3 Qf1+ 45. Re2 Qd1+ 46. Ke3 Qd5 47. Nd4 Qc4 48. Rc2 Kb6 49. Ne2 b4 50. Rb2 b3 51. Kd2 a4 52. Nd4 Kc5 53. Rb1 Qf7 54. Re1 a3 0-1

[Event "Carnaval"]
[Site "Quebec CAN"]
[Date "2012.02.26"]
[Round "4"]
[White "Voloaca, Mihnea"]
[Black "Caire, Francois"]
[Result "1-0"]
[WhiteElo "2303"]
[BlackElo "2248"]
[PlyCount "57"]
[GameId "2160767909576196"]
[EventDate "2012.02.24"]
[EventType "swiss"]
[EventRounds "5"]
[EventCountry "CAN"]
[SourceTitle "EXT 2022"]
[Source "ChessBase"]
[SourceDate "2021.10.06"]
[SourceVersion "1"]
[SourceVersionDate "2021.10.06"]
[SourceQuality "1"]

1. d4 Nf6 2. c4 e6 3. Nf3 b6 4. a3 Bb7 5. Nc3 d5 6. cxd5 Nxd5 7. Qc2 Nxc3 8. bxc3 Be7 9. e4 c5 10. Bd3 O-O 11. O-O Qc8 12. Qe2 Ba6 13. Rd1 Bxd3 14. Rxd3 Nd7 15. Bb2 Re8 16. a4 Qc7 17. Re1 Qc6 18. Qd1 cxd4 19. cxd4 Rac8 20. d5 exd5 21. exd5 Qa8 22. d6 Bf8 23. Ne5 Rcd8 24. Ng4 g6 25. Re7 h5 26. Qd2 hxg4 27. Qc3 f6 28. Qb3+ Kh8 29. Rh3+ 1-0

[Event "Carnaval"]
[Site "Quebec CAN"]
[Date "2012.02.26"]
[Round "5"]
[White "Bolduc, Steve"]
[Black "Hamilton, Robert"]
[Result "1/2-1/2"]
[WhiteElo "2302"]
[BlackElo "2319"]
[PlyCount "66"]
[GameId "2160767909576197"]
[EventDate "2012.02.24"]
[EventType "swiss"]
[EventRounds "5"]
[EventCountry "CAN"]
[SourceTitle "EXT 2022"]
[Source "ChessBase"]
[SourceDate "2021.10.06"]
[SourceVersion "1"]
[SourceVersionDate "2021.10.06"]
[SourceQuality "1"]

1. d4 Nf6 2. c4 e6 3. Nc3 Bb4 4. Nf3 O-O 5. Bg5 c5 6. Rc1 b6 7. e3 cxd4 8. exd4 Bb7 9. Bd3 Be7 10. O-O d6 11. Re1 Nbd7 12. Qe2 Rc8 13. h3 Re8 14. Qe3 d5 15. b3 dxc4 16. Bxc4 Ba3 17. Rc2 a6 18. Ne5 b5 19. Nxd7 Qxd7 20. Bxf6 bxc4 21. Qg5 Bf8 22. Re3 h6 23. Qg4 Kh7 24. Rg3 g6 25. h4 h5 26. Qe2 cxb3 27. axb3 Qc6 28. Qd3 Bh6 29. Re2 Bf4 30. Re5 Bxe5 31. dxe5 Qxc3 32. Qxc3 Rxc3 33. Rxc3 Rc8 1/2-1/2

[Event "Carnaval"]
[Site "Quebec CAN"]
[Date "2012.02.26"]
[Round "5"]
[White "Castellanos Rodriguez, Renier"]
[Black "Voloaca, Mihnea"]
[Result "1-0"]
[WhiteElo "2508"]
[BlackElo "2303"]
[PlyCount "47"]
[GameId "2160767909576198"]
[EventDate "2012.02.24"]
[EventType "swiss"]
[EventRounds "5"]
[EventCountry "CAN"]
[SourceTitle "EXT 2022"]
[Source "ChessBase"]
[SourceDate "2021.10.06"]
[SourceVersion "1"]
[SourceVersionDate "2021.10.06"]
[SourceQuality "1"]

1. e4 e5 2. Nf3 Nc6 3. Bb5 a6 4. Ba4 Nf6 5. d3 d6 6. c3 g6 7. Nbd2 Bg7 8. Nf1 b5 9. Bb3 O-O 10. Bg5 Na5 11. Bc2 h6 12. Bh4 c5 13. Ne3 Bb7 14. O-O Nc6 15. a4 Ne7 16. Qd2 Qc7 17. Bxf6 Bxf6 18. Ng4 Bg7 19. Nxh6+ Kh8 20. Qg5 Ng8 21. Nxg8 Kxg8 22. Qh4 f6 23. Qg3 Kf7 24. Nh4 1-0

[Event "Carnaval"]
[Site "Quebec CAN"]
[Date "2012.02.26"]
[Round "5"]
[White "Hebert, Jean"]
[Black "Sambuev, Bator"]
[Result "1-0"]
[WhiteElo "2421"]
[BlackElo "2573"]
[PlyCount "123"]
[GameId "2160767909576199"]
[EventDate "2012.02.24"]
[EventType "swiss"]
[EventRounds "5"]
[EventCountry "CAN"]
[SourceTitle "EXT 2022"]
[Source "ChessBase"]
[SourceDate "2021.10.06"]
[SourceVersion "1"]
[SourceVersionDate "2021.10.06"]
[SourceQuality "1"]

1. d4 Nf6 2. c4 g6 3. Nc3 Bg7 4. Nf3 O-O 5. Bg5 d6 6. e3 c5 7. Be2 h6 8. Bh4 cxd4 9. Nxd4 Nc6 10. O-O a6 11. Qd2 Bd7 12. Rac1 Rb8 13. Rfd1 b5 14. cxb5 Nxd4 15. Qxd4 axb5 16. Bxf6 Bxf6 17. Qb4 Ra8 18. a3 Qa5 19. Nd5 Qxb4 20. axb4 Kg7 21. Rc7 Be6 22. Nxe7 Bb3 23. Rf1 Bxb2 24. Bxb5 Rab8 25. Bc4 Bxc4 26. Rxc4 Rb5 27. Rd1 Ra8 28. Kf1 Ra4 29. Nd5 g5 30. g4 Be5 31. h3 Rb7 32. Rc6 Ra3 33. Rc7 Rxc7 34. Nxc7 Rb3 35. Nd5 h5 36. Kg2 Rb2 37. Kf3 h4 38. Rf1 Bf6 39. Ke4 Rb3 40. f4 gxf4 41. Rxf4 Bc3 42. Nxc3 Rxc3 43. Kf3 Rc2 44. g5 Kg6 45. Kg4 Rc3 46. Rf6+ Kg7 47. Rxd6 Rxe3 48. Rd4 f6 49. gxf6+ Kxf6 50. Kxh4 Kf5 51. b5 Rb3 52. Rd5+ Ke4 53. Rg5 Kf4 54. Rc5 Rb4 55. Kh5 Kg3 56. Kg6 Kxh3 57. Kf5 Kg3 58. Ke5 Kf3 59. Kd5 Ke3 60. Kc6 Rh4 61. Rd5 Rc4+ 62. Kb7 1-0